A sermon, on the present situation of the affairs of America and Great-Britain : Written by a Black, and printed at the request of several persons of distinguished characters.

Bibliographic Details
Main Author: Black Whig
Corporate Author: Gale (Firm)
Other Authors: Bradford, Thomas, 1745-1838 (Printer), Hall, Peleg (Printer)
Format: eBook
Language:English
Subjects:
Online Access:Connect to the full text of this electronic book

MARC

Tag First Indicator Second Indicator Subfields
LEADER 00000cam a2200000 4500
001 in00003875421
005 20190415192455.0
006 m o d
007 cr |n||||||||n
008 850425s1782 xxu|||| o 00| | eng c
035 |a (CU-RivES)W1399 
035 |a (Uk-ES)006431581 
035 |a (OCoLC)510843871 
040 |a MWA  |c MWA  |d CU-RivES  |d CStRLIN  |d Cengage Gale  |d UtOrBLW 
050 4 |a Z1215  |b .B533 1782 
100 0 |a Black Whig  |0 http://id.loc.gov/authorities/names/nr90008381 
245 1 2 |a A sermon, on the present situation of the affairs of America and Great-Britain :  |b Written by a Black, and printed at the request of several persons of distinguished characters. 
264 3 |a Philadelphia :  |b Printed by T. Bradford and P. Hall,  |c M,DCC,LXXXII. [1782] 
300 |a 1 online resource (11, 1 unnumbered pages)  
336 |a text  |b txt  |2 rdacontent 
337 |a computer  |b c  |2 rdamedia 
338 |a online resource  |b cr  |2 rdacarrier 
500 |a The dedication "To the Americans in general, but to the citizens of South-Carolina in particular" is signed: A Black Whig. 
500 |a Preface dated: Philadelphia, Sept. 1781. 
500 |a Mistakenly dated 1772 by Evans in his entry 12557. 
500 |a Last page blank. 
510 4 |a Evans,  |c 17717 
510 4 |a Evans,  |c 12557 
510 4 |a English Short Title Catalog,  |c W1399. 
500 |a Reproduction of original from Library of Congress. 
500 |a Electronic resource. 
650 4 |a Blacks as authors  |x Black. 
651 0 |a United States  |x History  |y Revolution, 1775-1783.  |0 http://id.loc.gov/authorities/subjects/sh85140139 
655 7 |a Electronic books.  |2 local 
655 7 |a Sermons  |y 1781.  |2 rbgenr 
700 1 |a Bradford, Thomas,  |d 1745-1838,  |e printer.  |0 http://id.loc.gov/authorities/names/n84024131 
700 1 |a Hall, Peleg,  |e printer.  |0 http://id.loc.gov/authorities/names/n88144100 
710 2 |a Gale (Firm)  |0 http://id.loc.gov/authorities/names/no2008071348 
752 |a United States  |b Pennsylvania  |d Philadelphia. 
856 4 0 |u http://proxy.library.tamu.edu/login?url=http://find.galegroup.com/ecco/infomark.do?contentSet=ECCOArticles&docType=ECCOArticles&bookId=1405301700&type=getFullCitation&tabID=T001&prodId=ECCO&docLevel=TEXT_GRAPHICS&version=1.0&source=library&userGroupName=txshracd2898  |z Connect to the full text of this electronic book  |t 0 
999 f f |s 3c81bedd-4ea3-346e-85c2-628e7510f2df  |i 1e95f2b3-49a2-3479-8640-1690c97b724d  |t 0 
952 f f |a Texas A&M University  |b College Station  |c Electronic Resources  |d Available Online  |t 0  |e Z1215 .B533 1782  |h Library of Congress classification 
998 f f |a Z1215 .B533 1782  |t 0  |l Available Online